Kushan studies in U S S R (Record no. 523286)

MARC details
000 -LEADER
fixed length control field 00713nam a2200229Ia 4500
003 - CONTROL NUMBER IDENTIFIER
control field OSt
005 - DATE AND TIME OF LATEST TRANSACTION
control field 20220925192750.0
008 - FIXED-LENGTH DATA ELEMENTS--GENERAL INFORMATION
fixed length control field 220923b |||||||| |||| 00| 0 eng d
037 ## - SOURCE OF ACQUISITION
Terms of availability General Book
040 ## - CATALOGING SOURCE
Original cataloging agency RTL
Transcribing agency RTL
Language of cataloging eng
041 ## - LANGUAGE CODE
Source of code eng
Language code of text/sound track or separate title eng
100 ## - MAIN ENTRY--PERSONAL NAME
Personal name Gafurov B et al...
9 (RLIN) 246281
245 #0 - TITLE STATEMENT
Title Kushan studies in U S S R
Remainder of title Papers presented by the
260 ## - PUBLICATION, DISTRIBUTION, ETC.
Place of publication, distribution, etc. Calcutta
Name of publisher, distributor, etc. Indian Studies India
Date of publication, distribution, etc. 1970
300 ## - PHYSICAL DESCRIPTION
Extent 186p
Dimensions cm.
490 ## - SERIES STATEMENT
Series statement Soviet Indology Series. 3. Indian Studies , Past and Present
942 ## - ADDED ENTRY ELEMENTS (KOHA)
Classification part Y:1.580K49.B, L0
Koha item type General Books
Source of classification or shelving scheme Colon Classification (CC)

No items available.

Copyright @ Delhi University Library System